00474 2200193 4500001002100000005001500021035002000036007000300056008004100059020001800100082001000118084001700128100001100145245004100156250000600197260003200203300002800235990001700263INLIS00000000000005220230223091004 a0010-0223000019ta230223 b 0 ind  a979-8399-00-5 a959.8 a959.8 RUD kt0 aRudini1 aKalimantan Timur /cDrs.Soemargono.K a- aJakarta :bIntermasa,c1992 a421 :bilus. ;c23.5e- a00008/R/1995